<?xml version="1.0" encoding="UTF-8"?>
<record
    xmlns:xsi="http://www.w3.org/2001/XMLSchema-instance"
    xsi:schemaLocation="http://www.loc.gov/MARC21/slim http://www.loc.gov/standards/marcxml/schema/MARC21slim.xsd"
    xmlns="http://www.loc.gov/MARC21/slim">

  <leader>00498nam a22001457a 4500</leader>
  <controlfield tag="008">131204t        xxu||||| |||| 00| 0 eng d</controlfield>
  <datafield tag="050" ind1="0" ind2="4">
    <subfield code="a">AE5</subfield>
    <subfield code="b">C65 1964</subfield>
  </datafield>
  <datafield tag="245" ind1="0" ind2="0">
    <subfield code="a">Collier's 1964 year book :</subfield>
    <subfield code="b">Covering the year 1963 /</subfield>
    <subfield code="c">Jean Paradise</subfield>
  </datafield>
  <datafield tag="260" ind1=" " ind2=" ">
    <subfield code="a">New York :</subfield>
    <subfield code="b">Crowell-Collier ,</subfield>
    <subfield code="c">1964</subfield>
  </datafield>
  <datafield tag="300" ind1=" " ind2=" ">
    <subfield code="a">756 p. :</subfield>
    <subfield code="b">il., </subfield>
    <subfield code="c">28 cm.</subfield>
  </datafield>
  <datafield tag="504" ind1=" " ind2=" ">
    <subfield code="a">Incluye &#xED;ndice</subfield>
  </datafield>
  <datafield tag="650" ind1=" " ind2="7">
    <subfield code="2">Lemb</subfield>
    <subfield code="a">Historia</subfield>
    <subfield code="e">Moderna</subfield>
    <subfield code="v">Publicaciones periodicas</subfield>
    <subfield code="y">Siglo 20</subfield>
  </datafield>
  <datafield tag="700" ind1="1" ind2=" ">
    <subfield code="a">Paradise,Jean </subfield>
    <subfield code="e">Jefe de redacci&#xF3;n</subfield>
  </datafield>
  <datafield tag="942" ind1=" " ind2=" ">
    <subfield code="2">ddc</subfield>
    <subfield code="c">LIB</subfield>
  </datafield>
  <datafield tag="999" ind1=" " ind2=" ">
    <subfield code="c">46437</subfield>
    <subfield code="d">46437</subfield>
  </datafield>
  <datafield tag="952" ind1=" " ind2=" ">
    <subfield code="1">0</subfield>
    <subfield code="2">lcc</subfield>
    <subfield code="4">0</subfield>
    <subfield code="7">0</subfield>
    <subfield code="a">DEP-035-1</subfield>
    <subfield code="b">DEP-035-1</subfield>
    <subfield code="c">CONSULTA</subfield>
    <subfield code="d">2013-12-04</subfield>
    <subfield code="e">TRCADI</subfield>
    <subfield code="f">1a ed.</subfield>
    <subfield code="h">CAI000001735</subfield>
    <subfield code="k">EH</subfield>
    <subfield code="o">AE5 C65 1964</subfield>
    <subfield code="p">BDI000003518</subfield>
    <subfield code="r">2015-01-16 00:00:00</subfield>
    <subfield code="t">1</subfield>
    <subfield code="v">1.00</subfield>
    <subfield code="y">LIB</subfield>
    <subfield code="z">C&#xF3;digo anterior CAI000001735.  Sede Ciudad Hidalgo</subfield>
  </datafield>
</record>
